00000000nam 2200000zi 4500
0019.953916
003CaOODSP
00520250814143823
006m     o  d f      
007cr cn ||||||||
008250808s2025    onc     ob   f000 0 fre d
020 |a9780660784137
040 |aCaOODSP|bfre|erda|cCaOODSP
043 |an-cn-on
0861 |aPS83-3/485F-PDF
1001 |aFiloso, Daniella, |eauteur.
24510|aProjet pilote sur les antécédents sociaux des Noirs dans la région de l'Ontario : |brésumé des expériences du personnel et des clients / |cDaniella Filoso, Nicholas Chadwick, Sara Johnson et Abigail White.
264 1|aOttawa (Ontario) : |bService correctionnel du Canada = Correctional Service Canada, |c2025.
300 |a1 ressource en ligne (vii, 52 pages)
336 |atexte|btxt|2rdacontent/fre
337 |ainformatique|bc|2rdamedia/fre
338 |aressource en ligne|bcr|2rdacarrier/fre
4901 |aRapport de recherche ; |vn° R-485
500 |aPublié aussi en anglais sous le titre : A summary of staff and client experiences with the Black Social History pilot in the Ontario Region.
504 |aComprend des références bibliographiques (pages 33-34).
61026|aService correctionnel Canada|xFonctionnaires|xFormation.
650 6|aPrisonniers issus des minorités|zOntario|vStatistiques.
650 6|aPrisonniers issus des minorités|xServices|zOntario.
7102 |aService correctionnel Canada, |eorganisme de publication.
77508|tA summary of staff and client experiences with the Black Social History pilot in the Ontario Region / |w(CaOODSP)9.953917
830#0|aRapport de recherche (Service correctionnel Canada. Direction de la recherche)|vn° R-485.|w(CaOODSP)9.502465
85640|qPDF|s923 Ko|uhttps://publications.gc.ca/collections/collection_2025/scc-csc/PS83-3-485-fra.pdf